| 000 | 01097cam a22003134a 4500 | ||
|---|---|---|---|
| 001 | 13035191 | ||
| 003 | OSt | ||
| 005 | 20150408113725.0 | ||
| 008 | 021219s2004 paua 001 0 eng | ||
| 010 | _a 2002043425 | ||
| 020 | _a0781740002 | ||
| 040 |
_aDLC _cDLC _dDLC |
||
| 042 | _apcc | ||
| 050 | 0 | 0 |
_aQR41.2 _b.B88 2004 |
| 082 | 0 | 0 |
_a616.01 _221 |
| 100 | 1 |
_aBurton, Gwendolyn R. W. _q(Gwendolyn R. Wilson) _95341 |
|
| 245 | 1 | 0 |
_aMicrobiology for the health sciences / _cGwendolyn R.W. Burton, Paul G. Engelkirk. |
| 250 | _a7th ed. | ||
| 260 |
_aPhiladelphia : _bLippincott Williams & Wilkins, _cc2004 |
||
| 300 |
_axvi, 561 p. : _bill. ; _c23 cm. |
||
| 500 | _aIncludes index. | ||
| 650 | 0 |
_aMicrobiology. _93781 |
|
| 650 | 0 |
_aMedical microbiology. _95342 |
|
| 650 | 0 |
_aAllied health personnel. _95343 |
|
| 700 | 1 |
_aEngelkirk, Paul G. _95344 |
|
| 856 | 4 | 2 |
_3Publisher description _uhttp://www.loc.gov/catdir/enhancements/fy0711/2002043425-d.html |
| 942 |
_2ddc _cREF |
||
| 999 |
_c1012 _d235512 |
||